Ładuje się......
Public finance in theory and practice /
| 1. autor: | |
|---|---|
| Format: | Printed Book |
| Język: | English |
| Wydane: |
ELBS,
1970.
|
| LEADER | 00370nam a2200121Ia 4500 | ||
|---|---|---|---|
| 008 | 150624b xxu||||| |||| 00| 0 eng d | ||
| 100 | |a Prest, A. R. | ||
| 245 | |a Public finance in theory and practice / |c A. R. Prest | ||
| 260 | |b ELBS, |c 1970. | ||
| 300 | |a 438 p. | ||
| 942 | |c BK | ||
| 999 | |c 1174 |d 1174 | ||
| 952 | |0 0 |1 0 |4 0 |7 0 |9 1173 |a UL |b UL |c SEC |d 1998-09-01 |l 0 |p 2946 |r 2012-10-27 |w 2012-10-27 |y BK | ||